| 000 | 004660000a22001570004500 | ||
|---|---|---|---|
| 003 | MACL | ||
| 005 | 20171231130301.0 | ||
| 008 | 171231b xxu||||| |||| 00| 0 eng d | ||
| 040 | _cmacl | ||
| 100 |
_aगीतिका जेन _969888 |
||
| 245 | _aजंगल में धारियां | ||
| 260 |
_bनेशनल बुक ट्रस्ट _c2004 |
||
| 350 | _a14 | ||
| 650 |
_aचिल्ड्रन _969889 |
||
| 942 |
_cHIN _k741.642 _2ddc |
||
| 999 |
_c17862 _d17862 |
||